| 000 | 00593nam a22001937a 4500 | ||
|---|---|---|---|
| 999 |
_c15804 _d15804 |
||
| 003 | AR-CdUCM | ||
| 008 | 190430b ||||| |||| 00| 0 spa d | ||
| 040 |
_aMUNICIPALIDAD PROVINCIAL DEL CUSCO _cBIBLIOTECA MUNICIPAL DEL CUSCO |
||
| 082 |
_aPI / 372.72 / _bAP64 |
||
| 245 | _aAprende a contar / | ||
| 260 |
_aPerú : _bNavarrete. |
||
| 300 |
_bilustraciones, _c31 cm. |
||
| 650 |
_aAprendizaje infantil _933271 |
||
| 650 |
_aDesarrollo _92021 |
||
| 650 |
_aTextos infantiles _933764 |
||
| 710 |
_aCorporación Gráfica Navarrete. _933296 |
||
| 942 |
_2ddc _cLIBROS |
||
| 945 |
_aachl _d2019-04-30 |
||